The noble scholar, jurist, historian


 His Excellency Dr. Abdul Wahhab bin Ibrahim Abu Sulaiman, may Allah have mercy on him.


 He was born in Umm Al-Qura in the year 1356 AH.

وقائع قاعة البحث بشأن تنظيم وإدارة هيئة إدارة صندوق الحج وشؤون الحجيج بماليزيا / (Record no. 14356)

MARC details
000 -LEADER
fixed length control field 01477cam a22003011i 4500
003 - CONTROL NUMBER IDENTIFIER
control field SA-RiAUC
005 - DATE AND TIME OF LATEST TRANSACTION
control field 20260217124138.0
008 - FIXED-LENGTH DATA ELEMENTS--GENERAL INFORMATION
fixed length control field 260216s2001 su f i10010 ara c
020 ## - INTERNATIONAL STANDARD BOOK NUMBER
Canceled/invalid ISBN 9960322169
024 0# - OTHER STANDARD IDENTIFIER
Standard number or code 22/5493
040 ## - CATALOGING SOURCE
Original cataloging agency SA-JeALM
Language of cataloging ara
Transcribing agency SA-RiAUC
Description conventions rda
043 ## - GEOGRAPHIC AREA CODE
Geographic area code a-my---
072 #7 - SUBJECT CATEGORY CODE
Subject category code 036
082 04 - DEWEY DECIMAL CLASSIFICATION NUMBER
Classification number 252.506809595
090 ## - LOCALLY ASSIGNED LC-TYPE CALL NUMBER (OCLC); LOCAL CALL NUMBER (RLIN)
Classification number (OCLC) (R) ; Classification number, CALL (RLIN) (NR) 252.506809595
Local cutter number (OCLC) ; Book number/undivided call number, CALL (RLIN) ق ا ع
111 2# - MAIN ENTRY--MEETING NAME
Meeting name or jurisdiction name as entry element قاعة بحث حول تنظيم وإدارة صندوق الحج وشؤون الحجيج بماليزيا
Location of meeting جدة، السعودية)
Date of meeting or treaty signing ( 1422 هجري :
245 10 - TITLE STATEMENT
Title وقائع قاعة البحث بشأن تنظيم وإدارة هيئة إدارة صندوق الحج وشؤون الحجيج بماليزيا /
Statement of responsibility, etc. المعهد الإسلامي للبحوث والتدريب.
264 #1 - PRODUCTION, PUBLICATION, DISTRIBUTION, MANUFACTURE, AND COPYRIGHT NOTICE
Place of production, publication, distribution, manufacture جدة، السعودية :
Name of producer, publisher, distributor, manufacturer البنك الإسلامي للتنمية - المعهد الإسلامي للبحوث والتدريب،
Date of production, publication, distribution, manufacture, or copyright notice 1987
300 ## - PHYSICAL DESCRIPTION
Extent 127 صفحة ؛
Dimensions 24 سم
336 ## - CONTENT TYPE
Content type term نص
Content type code txt
Source rdacontent
Materials specified كتاب
337 ## - MEDIA TYPE
Media type term بدون وسيط
Media type code n
Source rdamedia
610 27 - SUBJECT ADDED ENTRY--CORPORATE NAME
Corporate name or jurisdiction name as entry element هيئة إدارة صندوق الحج وشؤون الحجيج (ماليزيا)
Source of heading or term aucnm
650 #7 - SUBJECT ADDED ENTRY--TOPICAL TERM
Topical term or geographic name entry element الحجاج الماليزيون
Form subdivision مؤتمرات
Source of heading or term aucsh
650 #7 - SUBJECT ADDED ENTRY--TOPICAL TERM
Topical term or geographic name entry element الحج
Geographic subdivision ماليزيا
General subdivision إدارة
Form subdivision مؤتمرات
Source of heading or term aucsh
710 2# - ADDED ENTRY--CORPORATE NAME
Corporate name or jurisdiction name as entry element المعهد الإسلامي للبحوث والتدريب
Relator term منظم.
942 ## - ADDED ENTRY ELEMENTS (KOHA)
Source of classification or shelving scheme Dewey Decimal Classification
Koha item type Books
Suppress in OPAC No
949 ## - LOCAL PROCESSING INFORMATION (OCLC)
a SA-JeALM
d 260216
u osman123
n 1
Holdings
Withdrawn status Lost status Source of classification or shelving scheme Damaged status Not for loan Home library Current library Date acquired Total checkouts Full call number Barcode Date last seen Price effective from Koha item type
    Dewey Decimal Classification     DR AbdElwahab Library DR AbdElwahab Library 02/17/2026   252.506809595 ق ا ع 000022773 02/17/2026 02/17/2026 Books